Britannicus

Guardado en:
書目詳細資料
主要作者: Racine, Jean
格式: 圖書
語言:Undetermined
出版: París, Francia Bordas 1967
主題:
標簽: 添加標簽
沒有標簽, 成為第一個標記此記錄!

MARC

LEADER 00000nam a2200000Ia 4500
008 170316s9999 xx 000 0 und d
040 |a cru BVZT 
090 |a 840 R-2br 
100 |a Racine, Jean 
245 |a Britannicus 
260 |a París, Francia 
260 |b Bordas 
260 |c 1967 
300 |a 126 páginas 
650 |a LITERATURA FRANCESA 
999 |c 7929  |d 7929 
942 |c 15 D  |h 840 R-2br  |2 z